[Event "Prague Meta"]
[Site "Prague"]
[Date "1989.??.??"]
[Round "1"]
[White "Svarcova, Jitka"]
[Black "Bucek, Jiri"]
[Result "1-0"]
[WhiteElo "2035"]
[BlackElo "2100"]
[PlyCount "81"]
[EventDate "1989.??.??"]
[EventType "tourn"]
[EventRounds "9"]
[EventCountry "CZE"]
[SourceTitle "EXT 1997"]
[Source "ChessBase"]
[SourceDate "1996.11.15"]
[SourceVersion "1"]
[SourceVersionDate "1996.11.15"]
[SourceQuality "1"]

1. d4 Nf6 2. Nf3 g6 3. Bg5 Bg7 4. Nbd2 d5 5. Bxf6 Bxf6 6. e4 dxe4 7. Nxe4 Bg7 8. Bc4 e6 9. c3 b6 10. d5 Bb7 11. Qa4+ c6 12. dxe6 fxe6 13. Bxe6 Qe7 14. Qb3 Nd7 15. Bxd7+ Kxd7 16. 0-0-0+ Kc7 17. Nd6 Rad8 18. Nxb7 Kxb7 19. Rhe1 Rxd1+ 20. Qxd1 Qf7 21. Qe2 Bf6 22. Qe6 Qg7 23. Rd1 Rd8 24. Rxd8 Bxd8 25. Ne5 Qc7 26. f4 Be7 27. g3 Bc5 28. Kd2 Bg1 29. Nf3 Bc5 30. Ke2 a5 31. Ne5 Bd6 32. Nd3 c5 33. Qe4+ Ka7 34. Ne5 b5 35. Qd5 Kb6 36. a4 Bxe5 37. fxe5 bxa4 38. e6 Qc6 39. Qxc6+ Kxc6 40. Kd3 Kd6 41. Kc4 1-0

[Event "Prague Meta"]
[Site "Prague"]
[Date "1989.??.??"]
[Round "7"]
[White "Voboril, Pavel"]
[Black "Svarcova, Jitka"]
[Result "1-0"]
[WhiteElo "2155"]
[BlackElo "2035"]
[PlyCount "89"]
[EventDate "1989.??.??"]
[EventType "tourn"]
[EventRounds "9"]
[EventCountry "CZE"]
[SourceTitle "EXT 1997"]
[Source "ChessBase"]
[SourceDate "1996.11.15"]
[SourceVersion "1"]
[SourceVersionDate "1996.11.15"]
[SourceQuality "1"]

1. e4 c5 2. Nf3 Nc6 3. Bb5 g6 4. c3 Bg7 5. 0-0 Nf6 6. Re1 0-0 7. h3 a6 8. Bf1 b5 9. a4 b4 10. d4 cxd4 11. cxd4 d5 12. e5 Ne8 13. Bd3 Qb6 14. Be3 Nc7 15. Nbd2 Na5 16. Rc1 Ne6 17. Nb3 Nxb3 18. Qxb3 Bb7 19. a5 Qxa5 20. Bd2 Rfe8 21. Bxb4 Qb6 22. Qc3 Rec8 23. Bc5 Qd8 24. b4 Bc6 25. g3 Qd7 26. Kh2 Bb5 27. Bb1 Qd8 28. Bd3 Rcb8 29. Ra1 a5 30. bxa5 Bxd3 31. Qxd3 Nxc5 32. dxc5 e6 33. a6 Qc7 34. Rec1 Bxe5 35. Nxe5 Qxe5 36. c6 Ra7 37. Rab1 Rxb1 38. Rxb1 Rc7 39. Rb7 Rxc6 40. Qf3 f6 41. a7 Rc8 42. Qa3 Qf5 43. Kg2 Qe4+ 44. Qf3 Qe5 45. Qf4 1-0